000
00297 a2200109 4500
001
ART_6873
005
20260410161621.0
008
260409a
245
1
0
_a
Contabilidad regularmente llevada
100
1
_a
Piñeiro, Horacio
773
0
_t
Enfoques
_g
- Nº 10 (oct. 2010)
_w
REV416
999
_c
11596
_d
11596